| 000 | 00000nam 2200000zi 4500 |
| 001 | 9.945513 |
| 003 | CaOODSP |
| 005 | 20241125120420 |
| 006 | m o d f |
| 007 | cr bn||||||||| |
| 008 | 241125e197911##oncd obt f000 0 eng d |
| 040 | |aCaOODSP|beng|erda|cCaOODSP |
| 086 | 1 |aEn13-7/79-20E-PDF |
| 100 | 1 |aEngel, P., |eauthor. |
| 245 | 10|aExperimental program to test the hydrographic method / |cauthor: P. Engel. |
| 264 | 1|a[Burlington, Ont.] : |bHydraulics Research Division, [National Water Research Institute], |cNovember 1979. |
| 300 | |a1 online resource (8 pages, 3 unnumbered pages) : |bgraphs. |
| 336 | |atext|btxt|2rdacontent |
| 337 | |acomputer|bc|2rdamedia |
| 338 | |aonline resource|bcr|2rdacarrier |
| 490 | 1 |aTechnical note ; |vreport no. 79-20 |
| 500 | |aCover title. |
| 500 | |a"Correspondence file no: 2242-1 (H79 012)." |
| 500 | |a"Reason for report: To provide information in response to a request from Water Survey of Canada to extend tests on the hydrographic method for measuring bed-load transport." |
| 500 | |aDigitized edition from print [produced by Environment and Climate Change Canada]. |
| 504 | |aIncludes bibliographical references (page 8). |
| 520 | |a"The hydrographic method to compute bed load uses spatial and temporal data of migrating dunes"--Introduction, page 1. |
| 650 | 0|aBed load|xMeasurement. |
| 650 | 0|aBed load|xMathematical models. |
| 650 | 0|aHydrography|xGraphic methods. |
| 650 | 6|aCharge de fond|xMesure. |
| 650 | 6|aCharge de fond|xModèles mathématiques. |
| 650 | 6|aHydrographie|xMéthodes graphiques. |
| 710 | 2 |aNational Water Research Institute (Canada). |bHydraulics Research Division, |eissuing body. |
| 830 | #0|aTechnical note (National Water Research Institute (Canada). Hydraulics Research Division)|vno. 79-20.|w(CaOODSP)9.865405 |
| 856 | 40|qPDF|s800 KB|uhttps://publications.gc.ca/collections/collection_2024/eccc/En13-7-79-20-eng.pdf |